| 000 | 00515nam a22001577a 4500 | ||
|---|---|---|---|
| 003 | SISC | ||
| 005 | 20160812105154.0 | ||
| 008 | 160812b xxu||||| |||| 00| 0 eng d | ||
| 020 | _a9716857887 | ||
| 050 |
_aLB 2157.A3 _b.B644 2015 |
||
| 100 | _aBorabo, Milagros L. | ||
| 245 |
_aMy practice teaching handbook and portfolio / _cMilagros L. Borabo, Heidi Grace L. Borabo. |
||
| 260 |
_aQuezon City : _bLorimar Publishing, Inc., _c2015. |
||
| 300 |
_axiv, 193 pages : _billustrations ; _c28 cm. |
||
| 942 |
_2lcc _cBK _kLOC |
||
| 999 |
_c300486 _d300486 |
||